The Paris seamstress / (Record no. 352472)
[ view plain ]
| 000 -LEADER | |
|---|---|
| fixed length control field | 01335nam a2200337 i 4500 |
| 001 - CONTROL NUMBER | |
| control field | bl2018184103 |
| 005 - DATE AND TIME OF LATEST TRANSACTION | |
| control field | 20200813141246.0 |
| 007 - PHYSICAL DESCRIPTION FIXED FIELD--GENERAL INFORMATION | |
| fixed length control field | t| |
| 008 - FIXED-LENGTH DATA ELEMENTS--GENERAL INFORMATION | |
| fixed length control field | 180905r20182018nyu 000 1 eng d |
| 010 ## - LIBRARY OF CONGRESS CONTROL NUMBER | |
| LC control number | bl2018184103 |
| 020 ## - INTERNATIONAL STANDARD BOOK NUMBER | |
| International Standard Book Number | 9781538714775 |
| Qualifying information | paperback |
| 020 ## - INTERNATIONAL STANDARD BOOK NUMBER | |
| International Standard Book Number | 1538714779 |
| 035 ## - SYSTEM CONTROL NUMBER | |
| System control number | 1186439 |
| 040 ## - CATALOGING SOURCE | |
| Original cataloging agency | NjBwBT |
| Language of cataloging | eng |
| Description conventions | rda |
| Transcribing agency | NjBwBT |
| Modifying agency | UtOrBLW |
| 092 ## - LOCALLY ASSIGNED DEWEY CALL NUMBER (OCLC) | |
| Classification number | F Lester |
| 100 1# - MAIN ENTRY--PERSONAL NAME | |
| Personal name | Lester, Natasha, |
| Dates associated with a name | 1973- |
| Relator term | author. |
| Relator code | aut. |
| 9 (RLIN) | 6368944 |
| 245 14 - TITLE STATEMENT | |
| Title | The Paris seamstress / |
| Statement of responsibility, etc | Natasha Lester. |
| 250 ## - EDITION STATEMENT | |
| Edition statement | First American edition. |
| 264 #1 - Production, Publication, Distribution, Manufacture, and Copyright Notice. | |
| Place of production, publication, distribution, manufacture | New York : |
| Name of producer, publisher, distributor, manufacturer | Forever, |
| Date of production, publication, distribution, manufacture, or copyr | 2018. |
| 300 ## - PHYSICAL DESCRIPTION | |
| Extent | 453 pages ; |
| Dimensions | 21 cm. |
| 336 ## - Content Type | |
| Content type term | text |
| 337 ## - Media type | |
| Media type term | unmediated |
| 338 ## - Carrier type | |
| Carrier type term | volume |
| 520 ## - SUMMARY, ETC. | |
| Summary, etc | When Fabienne Bissette attends the annual Met Gala for an exhibit honoring her grandmother Estella, a famed designer, she begins to learn more about her grandmother's past, uncovering a story of tragedy, heartbreak, and secrets. |
| 650 #0 - SUBJECT ADDED ENTRY--TOPICAL TERM | |
| Topical term or geographic name as entry element | Fashion designers |
| Form subdivision | Fiction. |
| 9 (RLIN) | 5690009 |
| 650 #0 - SUBJECT ADDED ENTRY--TOPICAL TERM | |
| Topical term or geographic name as entry element | Family secrets |
| Form subdivision | Fiction. |
| 9 (RLIN) | 5674538 |
| 651 #0 - SUBJECT ADDED ENTRY--GEOGRAPHIC NAME | |
| Geographic name | New York (N.Y.) |
| Form subdivision | Fiction. |
| 9 (RLIN) | 5673704 |
| 775 08 - OTHER EDITION ENTRY | |
| Display text | Reproduction of (manifestation): |
| Main entry heading | Lester, Natasha, 1973- |
| Title | Paris seamstress |
| Place, publisher, and date of publication | Sydney, NSW : Hachette Australia, 2018 |
| International Standard Book Number | 9780733640001. |
| 907 ## - LOCAL DATA ELEMENT G, LDG (RLIN) | |
| a | .b395690183 |
| 942 ## - ADDED ENTRY ELEMENTS (KOHA) | |
| Source of classification or shelving scheme | Dewey Decimal Classification |
| Koha item type | BOOK |
| Withdrawn status | Lost status | Source of classification or shelving scheme | Damaged status | Not for loan | Collection code | Home library | Current library | Shelving location | Date acquired | Source of acquisition | Total Checkouts | Full call number | Barcode | Date last seen | Date checked out | Cost, replacement price | Price effective from | Koha item type |
|---|---|---|---|---|---|---|---|---|---|---|---|---|---|---|---|---|---|---|
| Dewey Decimal Classification | Fiction | Wasatch County Library | Wasatch County Library | First Floor | 08/13/2020 | Donation | 6 | F Lester | 34301001694506 | 01/26/2026 | 01/15/2026 | 14.99 | 08/13/2020 | BOOK |
